Top 150 Hardest Geometry Dash Levels - 2021 - Statistics

General Stats
  • This quiz has been taken 8 times
  • The average score is 90 of 150
Answer Stats
List Placement Level % Correct
5 arcturus by Maxfs
100%
16 Crimson Planet by TrueOmega
100%
2 Firework by Trick
100%
8 Hard Machine by Komp
100%
10 Kenos by npesta
100%
11 Renevant by nikroplays
100%
1 Slaughterhouse by icedcave
100%
6 Sonic Wave Infinity
100%
4 Tartarus by Dolphy
100%
7 The Golden by BoBoBoBoBoBoBo
100%
18 Thinking Space by Atomic
100%
9 Zodiac by Bianox
100%
36 Aquatic Auroras by Endlevel
75%
32 Arctic Lights by Metalface221
75%
110 Artificial Ascent by ViPriN
75%
115 BBBBBBBBBBBBBBBBBBBB by RoitMousti
75%
126 Belloq by Sminx
75%
135 Black Blizzard by KrmaL
75%
26 Bloodlust by knobbelboy
75%
20 Cognition by Endlevel
75%
42 Congregation by Presta
75%
60 Cybernetic Crescent by ViPriN
75%
30 Deimos by Endlevel
75%
92 Digital Descent by ViPriN
75%
74 Erebus by BoldStep
75%
143 ErebuS by Platnuu
75%
86 Freedom08 by Pennutoh
75%
140 Hatred by AZuLer4
75%
98 Killbot by BoldStep
75%
34 kowareta by Gablor
75%
68 Kuzureta by Teno
75%
41 Plasma Pulse Finale by Smokes
75%
14 Promethean by Endlevel
75%
118 Quantum Processing by Riot
75%
122 Rate Demon by RoiMousti
75%
51 Requiem by Zylenox
75%
25 Silent Club by Luqualizer
75%
56 Sonic Wave by Sunix
75%
55 Sonic Wave Rebirth by Serponge
75%
76 Sunset Sandstorm by chron44
75%
112 super probably level by alkali
75%
3 Trueffet by SyQual
75%
45 Wasureta by HelpegasuS
75%
90 WOW by TrusTa
75%
72 xo by KrmaL
75%
61 Yatagarasu by TrusTa
75%
113 Aesthetic by SyQual
50%
28 Akashic Records by VoTcHi
50%
77 Altered Ascent by Prism
50%
31 Aronia by Exen
50%
33 Asterios by Exen
50%
137 Auditory Breaker by LazerBlitz
50%
107 Auroral Darkness by iIiViRuZiIi
50%
129 Balengu Vortex by Temp
50%
130 Bass Cave by Bloodshot
50%
125 Bausha Vortex by Pennutoh
50%
134 Berserk by TrusTa
50%
87 Boogie by DigitalZero
50%
147 BuTiTi III by JonathanGD
50%
96 Cadrega City by Pennutoh
50%
144 Cadrega Mode by TCTeam
50%
47 Calamity by Awedsy
50%
17 Calculator Core by Walroose
50%
89 Catalyze by Zephirox
50%
82 Celestial Force by MindCap
50%
62 Cersia Difficult by Cersia
50%
49 CHROMA FINALE by Renn241
50%
146 CHROMA II by Renn241
50%
111 Chromatic Haze by Cirtrax
50%
19 Cold Sweat by Para
50%
121 Crystal by Zeronium
50%
79 Dark Flare by KeiAs
50%
80 Ddiamond by lFritz
50%
97 Delta Interface by Platnuu
50%
106 Demonicat by f3lixsram
50%
83 Devil Vortex by Rustam
50%
131 distraught by alkali
50%
149 DMG CTRL by GhostVandalf
50%
75 DubKore X by Loogiah
50%
63 Edge of the Blade by kiseta
50%
48 Eternal Moment by Rainstorm
50%
109 Ethereal Artifice by zeroya
50%
108 Fabrication by KeiAs
50%
100 Factory Realm X by HelpegasuS
50%
13 Fragile by Endlevel
50%
35 Frozen Cave by TheParadoxTeam
50%
141 Furious Flames by Eggnog
50%
53 Gamma by MindCap
50%
64 Generic Wave by Pennutoh
50%
120 Glowy by Rob Buck
50%
52 Hyper Paracosm by iIiViRuZiIi
50%
145 Hyper Paradox by ItsHybrid
50%
73 Icotact by icedcave
50%
59 Infinite Iniquity by Flukester
50%
91 Jamboree by JustJohn
50%
21 Kappa by Armadeus
50%
15 Keres by ItsHybrid
50%
81 Lucid Chaos by CairoX
50%
24 Lucid Nightmares by CairoX
50%
136 Luxtra by TheGalaxyCat
50%
58 Macabre by ZephiroX
50%
65 Mirrored Calamity by Nimbus
50%
116 Missing Benefits by TGI
50%
46 Molten Core by Janucha
50%
69 Molten Gear by knobbelboy
50%
50 Necromancer by TGI
50%
128 Never Beat It by Metalface221
50%
43 Nhelv by SrGuillester
50%
117 Occult Outcry by Havok
50%
57 Omega by MindCap
50%
27 Omega Interface by Platnuu
50%
99 Omicron by Team Proxima
50%
37 Ouroboros by ViPriN
50%
139 Pandemonium by Yakimaru
50%
85 Paroxysm by Lemons
50%
88 Photovoltaic II by Mazl
50%
70 Rage by nSwish
50%
29 Ragnarok by knobbelboy
50%
78 RELENTLESS by Surjaco
50%
104 RGB by SleyGD
50%
22 RUST by neigefeu
50%
12 SARY NEVER CLEAR by Kugelblitz
50%
71 Sephiroth by Rainstorm
50%
39 Sigma by MindCap
50%
132 Sinister Incision by ItsHybrid
50%
103 Solarion by ZephiroX
50%
54 Spacial Rend by Eclipsed
50%
44 Spectrum Cyclone by Temp
50%
127 Spectrum Rave by Ryder
50%
95 Stalemate Redux by TehTactiq
50%
124 Static Ignition by Magmeta
50%
102 Step To Hell by LaZye
50%
101 Stygian Machinery by TeamE12
50%
150 Surge of Memories by TMNGaming
50%
94 Tapwreck by MrLorenzo
50%
105 Tempered Steel by ItsHybrid
50%
133 The Hell Field by Stormfly
50%
142 The Hell Inferno by Stormfly
50%
119 The Hell Zone by Stormfly
50%
67 The Reaper by Kyhros
50%
23 The Rupture by Ka1ns
50%
38 The Yandere by Dorami
50%
84 Timor by Colorbolt
50%
66 Titan Complex by TCTeam
50%
40 Visible Ray by Krampux
50%
123 Void Wave by cherryteam
50%
114 Yuh by lFritz
50%
93 ZAPHKIEL by Darwin
50%
138 Ziroikabi by RoiMousti
50%
148 Ziroikapi by Kapinapi
50%
No matching quizzes found
Score Distribution
Percent of People with Each Score
Percentile by Number Answered
Your Score History
You have not taken this quiz